| 000 | 01345cam a22004334i 4500 | ||
|---|---|---|---|
| 003 | PE-LiUPU | ||
| 005 | 20260423175853.0 | ||
| 008 | 150617s r 000 0 d | ||
| 035 | _a(Sirsi) a16976 | ||
| 040 |
_aPE-LiUPU _bspa _cPE-LiUPU _erda |
||
| 049 | _aPRUA | ||
| 082 | 0 | 4 |
_a286.732 _bS726c _221 |
| 110 |
_aSouth American Division of Seventh-Day Adventists. _98503 |
||
| 245 | 1 | 0 |
_aConstitution, by-laws and working policy of the General Conference of Seventh-day Adventists : _bSouth American Division / _cSouth American Division of Seventh-Day Adventists. |
| 264 | 1 |
_aBuenos Aires : _bSouth American Division of Seventh-Day Adventists, _c1943. |
|
| 300 |
_a128 páginas ; _c15 cm |
||
| 336 |
_atext _2rdacontent |
||
| 337 |
_aunmediated _2rdamedia |
||
| 338 |
_avolume _2rdacarrier |
||
| 500 | _aOtra edición del año 1926. | ||
| 505 | 0 | _aConstitution and by-laws of the general conference. | |
| 526 | _aSEG42 | ||
| 526 | _aSEG41 | ||
| 526 | _aSEG40 | ||
| 526 | _aSEG39 | ||
| 526 | _aP94 | ||
| 526 | _aP87 | ||
| 526 | _aP86 | ||
| 526 | _aP85 | ||
| 526 | _aP77 | ||
| 526 | _aP76 | ||
| 526 | _aP35 | ||
| 650 | 1 | 4 |
_aAdventistas del séptimo día _xGobierno _93095 |
| 910 | _ajck | ||
| 942 |
_2ddc _cBK |
||
| 980 |
_818226 _gJaime Vilcazán Jefe de Análisis Documental |
||
| 999 |
_c16503 _d16503 |
||